غالب ایک متالیہ / (Record no. 106720)

MARC details
000 -LEADER
fixed length control field 00771nam a22002537a 4500
005 - DATE AND TIME OF LATEST TRANSACTION
control field 20170123162316.0
010 ## - LIBRARY OF CONGRESS CONTROL NUMBER
LC control number A-318401
020 ## - INTERNATIONAL STANDARD BOOK NUMBER
Terms of availability 30.00
035 ## - SYSTEM CONTROL NUMBER
System control number A-318401
037 ## - SOURCE OF ACQUISITION
Source of stock number/acquisition Cen Lib/Ret
040 ## - CATALOGING SOURCE
Original cataloging agency DPL
Language of cataloging UR
082 ## - DEWEY DECIMAL CLASSIFICATION NUMBER
Classification number 441.08
Item number م م ت
100 ## - MAIN ENTRY--PERSONAL NAME
Personal name ممتاز حسن
9 (RLIN) 114502
245 ## - TITLE STATEMENT
Title غالب ایک متالیہ /
Statement of responsibility, etc ممتاز حسن
246 ## - VARYING FORM OF TITLE
Title proper/short title Ghalib ek mutaleaa /
Remainder of title by Mumtaz Hasan
260 ## - PUBLICATION, DISTRIBUTION, ETC. (IMPRINT)
Place of publication, distribution, etc لکھنوو
Name of publisher, distributor, etc نصرت پبلشرس
Date of publication, distribution, etc 1986
270 ## - ADDRESS
City لکھنوو
300 ## - PHYSICAL DESCRIPTION
Extent 166p.
Dimensions 21cm(Hb)
650 ## - SUBJECT ADDED ENTRY--TOPICAL TERM
Topical term or geographic name as entry element اردو ادب
Form subdivision
9 (RLIN) 114503
650 ## - SUBJECT ADDED ENTRY--TOPICAL TERM
Topical term or geographic name as entry element اردو سوانح عمری
9 (RLIN) 114504
650 ## - SUBJECT ADDED ENTRY--TOPICAL TERM
Topical term or geographic name as entry element Urdu literature
9 (RLIN) 114505
650 ## - SUBJECT ADDED ENTRY--TOPICAL TERM
Topical term or geographic name as entry element Urdu biography
9 (RLIN) 511
942 ## - ADDED ENTRY ELEMENTS (KOHA)
Source of classification or shelving scheme Dewey Decimal Classification
Koha item type Urdu Bks
Classification part 441.08
Call number suffix م م ت
Holdings
Withdrawn status Lost status Damaged status Not for loan Home library Current library Date acquired Source of acquisition Cost, normal purchase price Total Checkouts Full call number Barcode Date last seen Copy number Cost, replacement price Price effective from Koha item type
        Central Library Central Library 29/12/2015 Cen Lib/Ret 30.00   441.08 م م ت A-318401 29/12/2015 1 30.00 29/12/2015 Urdu Bks

© Delhi Public Library
Hit Counter
free hit counter